Kỹ thuật vi xử lý và máy vi tính /
Bộ vi xử lý, cấu trúc, kiến trúc phân cấp của bộ nhớ, họ vi xử lý Intel X86, họ vi xử lý Motorola MC680X0. Các bộ vi xử lý có kiến trúc ống và RISC. Bộ nhớ, thiết bị nhớ ngoài, máy vi tính.
Đã lưu trong:
| 主要作者: | |
|---|---|
| 其他作者: | |
| 格式: | 图书 |
| 语言: | Vietnamese |
| 出版: |
Hà Nội :
Giáo dục,
2000.
|
| 主题: | |
| 标签: |
添加标签
没有标签, 成为第一个标记此记录!
|
| Thư viện lưu trữ: | Mạng thư viện Đại học Đà Nẵng |
|---|
| LEADER | 01190cam a2200373 i 4500 | ||
|---|---|---|---|
| 001 | 000043096 | ||
| 003 | 971 | ||
| 005 | 20030916092934.0 | ||
| 008 | 010217b2000 vm 000 vie | ||
| 020 | |c 23200 | ||
| 022 | |a T | ||
| 040 | |a IRC |c IRC |d IRC | ||
| 041 | 0 | |a vie | |
| 082 | 1 | 4 | |a 005.6 |b ĐÔ-T |
| 100 | 1 | |a Đỗ Xuân Thụ, |c TS. | |
| 245 | 0 | 0 | |a Kỹ thuật vi xử lý và máy vi tính / |c Đỗ Xuân Thụ, Hồ Khánh Lâm. |
| 260 | |a Hà Nội : |b Giáo dục, |c 2000. | ||
| 300 | |a 252tr. ; |c 27cm. | ||
| 520 | 3 | |a Bộ vi xử lý, cấu trúc, kiến trúc phân cấp của bộ nhớ, họ vi xử lý Intel X86, họ vi xử lý Motorola MC680X0. Các bộ vi xử lý có kiến trúc ống và RISC. Bộ nhớ, thiết bị nhớ ngoài, máy vi tính. | |
| 630 | 0 | 4 | |a Tin học. |
| 630 | 0 | 4 | |a Computer. |
| 650 | 0 | 4 | |a Máy tính. |
| 650 | 0 | 4 | |a Vi xử lý |x Thiết bị (Máy tính) |
| 700 | 1 | |a Hồ Khánh Lâm, |c TS. | |
| OWN | |a DUT | ||
| 999 | |a From the UDN01 | ||
| TYP | |a Monograph | ||
| TYP | |a Printed language | ||
| 980 | |a Mạng thư viện Đại học Đà Nẵng | ||